Gra 60 Seconds - wszystkie przedmioty - Statystyki

Ogólne statystyki
  • Ten quiz został rozwiązany 6 razy
  • Średni wynik to 17 z 21
Statystyki odpowiedzi
Przedmiot % Poprawnych
Mapa
100%
Maska przeciwgazowa
100%
Radio
100%
Siekiera
100%
Woda
100%
Zupa
100%
Apteczka
75%
Dolores
75%
Harmonijka
75%
Karabin
75%
Karty
75%
Kłódka
75%
Latarka
75%
Mary Jane
75%
Naboje
75%
Ted
75%
Timmy
75%
Walizka
75%
Warcaby
75%
Poradnik Młodego Skauta
50%
Sprej
50%
Nie znaleziono quizów pasujących do podanych kryteriów
Rozkład punktacji
Procent ludzi z każdym wynikiem
Percentyl według liczby udzielonych odpowiedzi
Twoja historia wyników
Nie rozwiązałeś tego quizu